Gaming Quiz

Random Gaming Quiz

BioShock Levels Quiz Stats

 Plays Quiz not verified by Sporcle

Score 0/26 Timer 05:00
0 Plays Today
% Correct
Arcadia
78.5%
Fort Frolic
74.1%
Neptune's Bounty
70.3%
Welcome to Rapture
69%
Medical Pavilion
68.4%
Fontaine
67.7%
Hephaestus
63.3%
Farmer's Market
61.4%
Pauper's Drop
50.6%
Dionysus Park
50%
Ryan Amusements
48.7%
Fontaine Futuristics
48.7%
Smuggler's Hideout
48.1%
% Correct
Outer Persephone
48.1%
Apollo Square
47.5%
Point Prometheus
47.5%
Siren Alley
47.5%
Inner Persephone
47.5%
Olympus Heights
46.8%
Proving Grounds
44.3%
The Thinker
32.9%
Rapture Central Control
32.3%
Adonis Luxury Resort
31.6%
Atlantic Express
27.8%
Minerva's Den
25.9%
Operations
19%

You're not logged in!

Compare scores with friends on all Sporcle quizzes.
OR
Log In

Sporcle TV

Today on Sporcle TV


Watch our educational content, quiz creation guides, and fun videos on Sporcle TV.

Show Comments

Extras

Created Dec 17, 2011ReportNominate
Tags:bioshock, chapter, level, map

Top Quizzes Today


Score Distribution

Your Account Isn't Verified!

In order to create a playlist on Sporcle, you need to verify the email address you used during registration. Go to your Sporcle Settings to finish the process.

Report this User

Report this user for behavior that violates our Community Guidelines.

Details: